000 00324nam a22001337a 4500
008 180802b xxu||||| |||| 00| 0 eng d
082 _a813.52
245 _aNational Primary Care Nurse Practitioner Symposium
_cResort,K
260 _c2005
300 _a2
_fCD
440 _x18886491118
760 _b30th
942 _2ddc
_cMX
999 _c46703
_d46703